000
00278nam a2200109Ia 4500
008
201217s9999 xx 000 0 und d
100
_a
Ball, Terence and Farr, James (ed.)
245
0
_a
After Marx
260
_a
Cambridge
_b
Cambridge University Press
300
_a
287
942
_c
BK
999
_c
7481
_d
7481